000 00924cam a2200289 4500
008 020125n2001 000 0 eng u
020 _a1566705576
035 _a(Sirsi) u116461
050 _a526.982
100 _aFalkner, E.
245 _aAerial mapping : methods and applications
250 _a2nd ed.
260 _aLondon
_bCRC Press
_c2001
300 _a192p.
_bill.
_c25cm.
350 _a66.99
520 _aA semi-technical introduction to aerial photography, photogrammetric mapping and remote sensing which considers current techniques and practices and provides frameworks for project and cost planning.
590 _aGEO
650 _aAERIAL SURVEY PHOTOGRAPHY
650 _aAERIAL PHOTOGRAPHY
650 _aMAPPING
650 _aPHOTOGRAMMETRIC SURVEYS
650 _aPHOTOGRAMMETRY
650 _aREMOTE SENSING
690 _aMAPPING AND MEASUREMENT
700 _aMorgan, D.
942 _n0
999 _c101855
_d101855